Islam at the Cross Roads (Record no. 1871)

MARC details
000 -LEADER
fixed length control field 00579nam a2200241 a 4500
020 ## - INTERNATIONAL STANDARD BOOK NUMBER
ISBN
082 00 - DEWEY DECIMAL CLASSIFICATION NUMBER
Classification number 909.04927
Author Cutter ASA1
100 ## - MAIN ENTRY--AUTHOR NAME
Author name Asad, Muhammad
245 ## - TITLE STATEMENT
Title Islam at the Cross Roads
260 ## - PUBLICATION, DISTRIBUTION, ETC. (IMPRINT)
Place of publication Lahore
Name of publisher Sh. Muhammad Ashraf
Year of publication 1941
300 ## - PHYSICAL DESCRIPTION
Number of Pages 141p
500 ## - GENERAL NOTE
General note includes index and biblioraphy
505 2# - FORMATTED CONTENTS NOTE
Formatted contents note Index
650 ## - SUBJECT ADDED ENTRY--TOPICAL TERM
Topical Term Civilization-Islamic
942 ## - ADDED ENTRY ELEMENTS (KOHA)
Koha item type Books
700 1# -
-- Asad, Muhammad
Holdings
Collection code Home library Current library Date acquired Cost, normal purchase price Full call number Accession Number Koha item type
  Henry Martyn Institute Library Henry Martyn Institute Library 06/05/2007 100.00 909.04927 ASA1 00939 Books
                   Copyright © 2026 | Henry Martyn Institute | Hyderabad | TS-500052 | INDIA | Implemented by hmi.edu.in
Hit-Count:

Powered by Koha